| 000 | 00678nam a22001937a 4500 | ||
|---|---|---|---|
| 003 | NUST-PNEC | ||
| 005 | 20170116180713.0 | ||
| 008 | 141016b xxu||||| |||| 00| 0 eng d | ||
| 020 | _a0070220050 | ||
| 040 | _cPNEC | ||
| 082 | _a621.302 FIN | ||
| 100 |
_9640 _aFink Donald G |
||
| 245 |
_aStandard handbook for electrical engineers _bDonald G Fink; H Wayne Beaty |
||
| 260 |
_aNew York : _bMcGraw-Hill, _cc. 2000 |
||
| 300 |
_a1 v. (various pagings) : _bill. ; _c24 cm. |
||
| 500 | _ahttp://www.amazon.com/Standard-Handbook-Electrical-Engineers-Donald/dp/0070220050/ref=sr_1_1?s=books&ie=UTF8&qid=1413439370&sr=1-1&keywords=0070220050 | ||
| 650 | _xEE | ||
| 942 |
_2ddc _cBK |
||
| 999 |
_c61078 _d61078 |
||